|
|
|
|
| LEADER |
01076nam a2200265 a 4500 |
| 001 |
2406682 |
| 008 |
091102s1986 ctua b 000 0 eng d |
| 010 |
|
|
|a 86027691
|
| 020 |
|
|
|a 0931816408 (pbk.)
|
| 020 |
|
|
|a 0931816432 (hard)
|
| 040 |
|
|
|a DLC
|c DLC
|d DLC
|
| 082 |
0 |
0 |
|a 338.95
|2 19
|
| 245 |
0 |
0 |
|a Community management :
|b Asian experience and perspectives /
|c edited by David C. Korten.
|
| 260 |
|
|
|a West Hartford, Conn. :
|b Kumarian Press,
|c c1986.
|
| 300 |
|
|
|a xxii, 328 p. :
|b ill. ;
|c 23 cm.
|
| 490 |
0 |
|
|a Kumarian Press library of management for development
|
| 504 |
|
|
|a Includes bibliographies.
|
| 541 |
1 |
|
|e 00003284
|
| 650 |
|
0 |
|a Economic development
|x Environmental aspects.
|
| 650 |
|
0 |
|a Economic development
|x Social aspects.
|
| 650 |
|
0 |
|a Community development.
|
| 700 |
1 |
|
|a Korten, David C.
|
| 852 |
4 |
|
|a Ayesha Abed Library
|j General Shelf
|
| 999 |
|
|
|c 5615
|d 5615
|
| 952 |
|
|
|0 0
|1 0
|2 ddc
|4 0
|6 338_950000000000000_COM_1987
|7 0
|9 5517
|a BRACUL
|b BRACUL
|c GEN
|d 2009-11-19
|g 0.00
|l 0
|o 338.95 COM
|p 3010003284
|r 2009-11-19
|t 1
|w 2009-11-19
|y BK
|x No price found in the accession register.
|